00913cam a22002291 45000010008000000030009000080050017000170080041000340100017000750250019000920350019001110400030001300420012001600500018001720820019001901000035002092450098002442600222003423000056005645040031006206510032006518479757BDDh-ASL20231015030040.0820614s1964 pk ab b 000 0 eng  asa 67006757  aPL480:P-E-1148 a(OCoLC)8516770 aDLCcOCoLCdDLCdBDDh-ASL apremarc00aDS486.M27bN3 a930.1095bAHM 1 aAhmed, Nazimuddin,d1926-2009.10aMahasthan:ba preliminary report on the recent archaeological excavations at Mahasthangarh /  aKarachi :aDacca: bDept. of Archaeology and Museums, Ministry of Education, Govt. of Pakistan,bDept. of Archaeology and Museums, Ministry of Cultural Affairs and Sports Division, Govt. of Bangladesh,c[1964]c1975.  aiv, 76 p. : billus., maps (1 col.)c22 cm., 26 cm. aBibliographical footnotes. 0aMahāsthānxAntiquities.